| 000 | 00874cam a2200289Ma 4500 | ||
|---|---|---|---|
| 001 | 47659 | ||
| 005 | 20230410132803.0 | ||
| 008 | 040522s1966 sp b 000 0 spa d | ||
| 035 | _a(OCoLC)ocm55448435 | ||
| 040 |
_aDIBAM _bspa _cDIBAM _dOCLCQ |
||
| 035 | _a(OCoLC)55448435 | ||
| 049 | _aGRAL | ||
| 050 | 1 | 4 |
_aQH 305 _bR839i 1966 |
| 082 | 0 | 0 | _a574.09 |
| 100 | 1 |
_aRostand, Jean, _d1894-1977. |
|
| 245 | 1 | 0 |
_aIntroducción a la historia de la biología / _cJean Rostand ; traducción de Armand Duval. |
| 250 | _a1a ed. | ||
| 260 |
_aMadrid : _bEdic. Península, _c1966. |
||
| 300 |
_a211 p. ; _c19 cm. |
||
| 490 | 0 |
_aHistoria, ciencia, sociedad ; _v1 |
|
| 500 | _aTraducción de: Esquisse d’une histoire de la biologie. | ||
| 504 | _aBibliografía: p. 209-211. | ||
| 650 | 0 |
_aBiology _xHistory. |
|
| 942 |
_2lcc _cbk |
||
| 946 | _almminaya | ||
| 994 |
_aC0 _bDRFGD |
||
| 999 |
_c87765 _d87765 |
||